banner-ar

مبادئ التامين بين الجوانب النظرية والاسس الرياضية / (Record no. 45937)

MARC details
000 -الفاتح
حقل البيانات ثابتة الطول 00810nam a2200217Ia 4500
008 - عناصر البيانات ثابتة الطول - معلومات عامة
حقل البيانات ثابتة الطول 140319s9999 xx 000 0 ara d
040 ## - مصدر الفهرسة
وكالة الفهرسة الأصلية GCL /
وكالة النسخ GCL
082 04 - رقم تصنيف ديوى العشرى
رقم التصنيف 368
رقم المادة م م
100 1# - المدخل الرئيسى - إسم شخصى
الإسم الشخصى مختار محمود الهانسى
245 10 - بيان العنوان
العنوان مبادئ التامين بين الجوانب النظرية والاسس الرياضية /
بيان المسئوليه,etc مختار محمود الهانسى
250 ## - بيان الطبعة
بيان الطبعة الاولى
300 ## - الوصف المادى
التعداد 592 ص ؛
أبعاد الوعاء 24سم
650 04 - المدخل الاضافى بالموضوع-مصطلح موضوعى
مصطلح موضوعي التأمين على السيارات
650 04 - المدخل الاضافى بالموضوع-مصطلح موضوعى
مصطلح موضوعي شركات التامين
650 04 - المدخل الاضافى بالموضوع-مصطلح موضوعى
مصطلح موضوعي التأمين البحرى
650 04 - المدخل الاضافى بالموضوع-مصطلح موضوعى
مصطلح موضوعي التأمين الاجتماعى
650 04 - المدخل الاضافى بالموضوع-مصطلح موضوعى
مصطلح موضوعي التأمين ضد الحوادث
942 ## - عناصر المدخل الإضافي( كوها)
مصدر التصنيف او مخطط الترفيف Dewey Decimal Classification
Koha [default] item type كتاب
260 ## - PUBLICATION, DISTRIBUTION, ETC. (IMPRINT)
-- القاهرة :
-- دار النهضة العربية للطباعة والنشر
Holdings
حالة التراجع حالة الفقد حالة تلف ليس للاعارة المكان المؤقت الموقع الحالى تاريخ الاكتساب اجمالي اﻻعارات رقم الطلب الباركود تاريخ اخر مشاهدة تاريخ تفعيل السعر نوع وعاء كوها
        مكتبة القاهرة الكبرى مكتبة القاهرة الكبرى 03/26/2014   368\م م 111975 03/26/2014 03/26/2014 كتاب
        مكتبة القاهرة الكبرى مكتبة القاهرة الكبرى 03/26/2014   368\م م 111976 03/26/2014 03/26/2014 كتاب

Powered By

EGPV